Carry On Film Stars - Statistics

General Stats
  • This quiz has been taken 35 times
  • The average score is 9 of 15
Answer Stats
Question Answer % Correct
Carry On Girls Frankie Howerd
89%
Carry On Columbus Joan Sims
78%
Carry On Up The Khyber Kenneth Connor
78%
Carry On Nurse Bernard Cribbins
67%
Carry On Don't Lose Your Head Eric Sykes
67%
Carry On Screaming Jack Douglas
67%
Carry On Cruising Jim Dale
67%
Carry On Sergeant Sid James
67%
Carry On England Kenneth Williams
56%
Carry On Henry Shirley Eaton
56%
Carry On Cabby Thora Hird
56%
Carry On Emmanuelle Bernard Bresslaw
44%
Carry On Spying Hattie Jacques
44%
Carry On Doctor Kenneth Connor
44%
Carry On Cleo June Whitfield
33%
No matching quizzes found
Score Distribution
Percent of People with Each Score
Percentile by Number Answered
Your Score History
You have not taken this quiz